| 000 | 01162nam a2200229Ia 4500 | ||
|---|---|---|---|
| 999 |
_c39420 _d39420 |
||
| 003 | OSt | ||
| 005 | 20201020230811.0 | ||
| 008 | 160316s2003 xxu||||| |||| 00| 0 eng d | ||
| 020 | _a9780199279838 | ||
| 040 | _cNLS | ||
| 082 |
_a341.000000 _bBRO |
||
| 100 | _aBrownlie Ian | ||
| 245 | _aBasic documents in International law | ||
| 250 | _a5th | ||
| 260 |
_aNew Delhi _bOxford University Press _c2003 |
||
| 300 | _a373p | ||
| 365 | _b Rs. 445 | ||
| 505 | _aContents: PART 1: STANDARD-SETTING BY THE UNITED NATIONS ORGANIZATION; PART 2: IMPLEMENTATION AND STANDARD-SETTING IN CONVENTIONS BY THE UNITED NATIONS; PART 3: CONTRIBUTION OF THE INTERNATIONAL LABOUR ORGANIZATION; PART 4: CONTRIBUTION OF THE UNITED NATIONS EDUCATIONAL, SCIENTIFIC, AND CULTURAL ORGANIZATION; PART 5: EUROPE; 5.1 Council of Europe; 5.2 European Union; 5.3 Conference on Security and Co-operation in Europe (CSCE) / Organization for Security and Co-operation in Europe (OSCE); PART 6: AMERICAS; PART 7: AFRICA; PART 8: ARAB STATES; PART 9: THE CONCEPT OF EQUALITY; PART 10: HUMAN RIGHTS AND THE HUMAN GENOME | ||
| 650 | _a1.International Law | ||
| 700 |
_a _a |
||
| 942 |
_2ddc _cBK |
||